000 00607nam a22001457a 4500
020 _a978-93-86106-59-9
082 _a823
_bROW/H
100 _aROWLING, J K
245 _aHARRY POTTER
_bALBUS DUMBLEDORE
260 _aGURGAON
_bSCHOLASTIC INDIA
_c2016
300 _a62
520 _aProfessor Dumbledore is the Headmaster at Hogwarts. He is an odd old man, but an incredibly powerful wizard who has earned the trust of the wizard world. At the beginning of the book, Professor McGonagall and Hagrid both talk about Dumbledore's power with a sense of awe and respect.
650 _aFICTION
_zINDIA
942 _cBK
999 _c5921
_d5921